Compatibilidade entre defensivos naturais e o fungo entomopatogênico Beauveria bassiana (bals.). Vuill (Registro n. 331127)
[ somente texto ]
| 000 -LÍDER | |
|---|---|
| fixed length control field | 04053nab a2200313 i 4500 |
| 003 - CÓDIGO MARC DA AGÊNCIA CATALOGADORA | |
| Campo de controle | BR-BrBNA |
| 005 - DATA E HORA DA ÚLTIMA ATUALIZAÇÃO | |
| Campo de controle | 20250422101607.0 |
| 008 - CAMPO DE TAMANHO FIXO | |
| fixed length control field | 250422b2019 bl.ar|pooa||| 00| 0 por | |
| 040 ## - FONTE DA CATALOGAÇÃO | |
| Agência catalogadora | BR-BrBNA |
| Idioma da catalogação | por |
| 072 ## - CATEGORIA AGRIS | |
| Código AGRIS | H10 |
| 072 ## - CATEGORIA AGRIS | |
| Código AGRIS | H20 |
| 072 ## - CATEGORIA AGRIS | |
| Código AGRIS | H01 |
| 100 ## - ENTRADA PRINCIPAL - NOME PESSOAL | |
| Nome pessoal | Souza, Hewerton Nogueira |
| 100 ## - ENTRADA PRINCIPAL - NOME PESSOAL | |
| Nome pessoal | Ribeiro, Maisa Fernandes |
| 100 ## - ENTRADA PRINCIPAL - NOME PESSOAL | |
| Nome pessoal | Silva, Roberta Zani |
| 245 ## - TÍTULO PRINCIPAL | |
| Título principal | Compatibilidade entre defensivos naturais e o fungo entomopatogênico Beauveria bassiana (bals.). Vuill |
| 500 ## - NOTA GERAL | |
| Nota geral | <br/><br/>Publicação online; 30 ref.; Summaries (En, Pt) |
| 942 ## - ADDED ENTRY ELEMENTS (KOHA) | |
| Koha item type | Analítica |
| 520 ## - NOTA DE RESUMO | |
| Nota de conteúdo | <br/><br/><br/>Resumo: A utilização conjunta de defensivos naturais com fungos entomopatogênicos pode ser uma estratégia eficiente no controle de pragas e doenças, reduzindo a utilização de defensivos químicos, tornando os sistemas de produção mais sustentáveis, obtendo produtos mais saudáveis, promovendo a agro biodiversidade e diminuindo as pressões nos agroecossitemas. Contudo, os defensivos naturais podem atuar negativamente sobre os fungos, por inibir as Unidades Formadoras de Colônias (UFCs) e até causar mutações genéticas, fatores que podem levar a diminuição da virulência. Assim, o objetivo dessetrabalho foi verificar o efeito do extrato aquoso de folhas de Azadirachta indica A. Juss (nim), e urina bovina sobre a viabilidade do fungo entomopatogênico Beauveria bassiana em diferentes períodos de tempo de contato. Foi utilizada a dose média do extrato aquoso de folhas de A. indica A (160 g L-1) e urina bovina (1%). A suspensão de conídios 1,0 x 106 conídios mL-1 do fungo e os defensivos foram pulverizadas com pulverizador manual em círculos de Panicum maximum (capim-mombaça) até o completo molhamento superficial. A avaliação foi realizada nos tempos de 0, 24 e 48 horas de contato. A urina bovina e a A. indica não foram compatíveis com o fungo B. Bassiana nos intervalos 0, 24 e 48 horas de contato. <br/><br/><br/>Palavras-chave: Seletividade, Azadirachta indica, Urina bovina. |
| 520 ## - NOTA DE RESUMO | |
| Nota de conteúdo | <br/><br/><br/>Abstract: The joint use of natural pesticides using pathogenic fungi can be an effective strategy to control pests and diseases, reducing the use of chemical pesticides, making them more sustainable production systems, getting healthier products, promoting agricultural biodiversity and reducing pressures on agroecosystems. However, the natural defensive can impact fungi by inhibiting Colony Forming Units (CFU) and to cause genetic mutations, factors that can lead to decreased virulence. The objective of this work was to evaluate the effect of aqueous extract of Azadirachta indica A. Juss leaves and bovine urine on the viability of entomopathogenic fungus Beauveria bassiana at different periods of contact time. The average dosage of the aqueous extract of A. indica A. Juss leaves (160 g L-1) and bovine urine (1%) was used. The conidia suspension of 1.0 x 106 mL-1 conidia of the fungus and pesticides were sprayed with manual spray in Panicum maximum (capim-mombaça) grass circles until the complete surface wetting. The evaluation was performed at times 0, 24 and 48 hours of contact. The bovine urine, Azadirachta indica A. Juss were not compatible with the entomopathogenic fungus B. bassiana in the intervals 0, 24 and 48 hours of contact. <br/><br/><br/>Keywords: Selectivity, Azadirachta indica, Bovine urine. |
| 650 ## - ASSUNTO - THESAGRO | |
| Cabeçalho tópico ou nome geográfico | PRAGA DE PLANTA |
| 650 ## - ASSUNTO - THESAGRO | |
| Cabeçalho tópico ou nome geográfico | DOENÇA DE PLANTA |
| 650 ## - ASSUNTO - THESAGRO | |
| Cabeçalho tópico ou nome geográfico | CONTROLE ALTERNATIVO |
| 650 ## - ASSUNTO - THESAGRO | |
| Cabeçalho tópico ou nome geográfico | FUNGO |
| 650 ## - ASSUNTO - THESAGRO | |
| Cabeçalho tópico ou nome geográfico | DEFESA VEGETAL |
| 773 0# - ENTRADA ANALÍTICA | |
| Host Biblionumber | 3583 |
| Registro do item | 349608 |
| Imprenta | Cruz das Almas-BA Universidade Federal da Bahia - Escola de Agronômia 1983 |
| Outro identificador | 2025-2128 |
| Título | Magistra (Brazil) |
| ISSN | 0102-5333 |
| Colação | v. 30 p. 60-66; (2019) |
| Número de controle de registro | BR2025000760 |
| 856 ## - ACESSO E ENDEREÇO ELETRÔNICO | |
| Identificador uniforme de recurso - URI | https://periodicos.ufrb.edu.br/index.php/magistra/article/view/4046/2172 |
Nenhum exemplar disponível.

BINAGRI